Ideový návrh lisu určeného na odvzdušnenie silážneho vaku pri balení

Saved in:
Bibliographic Details
Main Author: Šipkovský, Samuel (Author)
Other Authors: Matúšová, Miriam (Thesis advisor)
Format: Manuscript Book
Language:Slovak
Published: 2024
Subjects:
Online Access:http://is.stuba.sk/zp/portal_zp.pl?podrobnosti=177992
Tags: Add Tag
No Tags, Be the first to tag this record!

MARC

LEADER 00000ntm a22000003a 4500
001 stuzp97926
003 SK-STU
005 20240608211411.8
007 ta
008 150427s2015----xo-----f-mn---000-0-slo-d
040 |a STU  |b slo 
041 0 |a slo 
100 1 |a Šipkovský, Samuel  |u 063000  |k Z4  |4 aut  |U MTF Materiálovotechnologická fakulta  |T MTF Ústav výrobných technológií  |X 106374  |U M3000  |Y 83  |7 106374 
242 0 1 |a Conceptual design of a baler designed to vent the silage bag during baling  |y eng 
245 1 0 |a Ideový návrh lisu určeného na odvzdušnenie silážneho vaku pri balení 
260 |c 2024 
650 4 |a 3D  |2 slo 
650 4 |a pneumatický lis  |2 slo 
650 4 |a silážne vaky  |2 slo 
650 4 |a pneumatic press  |2 eng 
650 4 |a 3D  |2 eng 
650 4 |a silage bags  |2 eng 
700 1 |a Matúšová, Miriam  |u 063800  |k Z1  |4 ths  |U MTF Ústav výrobných technológií  |T MTF Katedra výrobných zariadení a systémov  |X 4309  |U M3800  |Y 660  |7 A000004309 
856 4 |u http://is.stuba.sk/zp/portal_zp.pl?podrobnosti=177992 
996 |c M* DP-15435  |l MMSKP  |s P  |a 0  |w stuzp97926_0001